000 00512cam a2200205ua 4500
001 2818
005 20260515113558.0
008 110909n ii |||gr||||Z||||||asm
040 _cMAIN
082 _a891.4512
100 _aThakur, Ramcharan,
245 1 1 _aKangsha badh natak
_cby Ramcharan Thakur
250 _a1st.
260 _aGuahati:
_bSarada Prakashan,
_c2004.
300 _a137p:
_c23cm.
653 _aAssamese drama
653 _aKangsha badh natak
700 _aSharma, Basanta Kumar,
942 _cBK
999 _c2665
_d2665